| 000 | 00983cam a22003137a 4500 | ||
|---|---|---|---|
| 999 |
_c332183 _d332183 |
||
| 001 | 15490051 | ||
| 003 | NUST | ||
| 005 | 20171117094334.0 | ||
| 008 | 081020s2008 pk 000 0 urd | ||
| 010 | _a 2008344608 | ||
| 020 | _a9780195476088 | ||
| 025 | _aP-U-2008344608; 10; 11 | ||
| 040 |
_aDLC _cDLC |
||
| 042 | _alcode | ||
| 050 | 0 | 0 | _aMLCSA 2008/01074 (P) |
| 082 | _a891.439 MIR | ||
| 100 | 0 |
_aMiraji, _d1912-1949. _96478 |
|
| 240 | 1 | 0 |
_aWorks. _kSelections. _f2008. |
| 245 | 1 | 0 |
_aIntikhab-i kalam Miraji / _ctartib va taʻaruf, Aṣif Farruk̲h̲i. |
| 246 | 3 | 0 | _aMīrājī |
| 250 | _a1 ishāʻat. | ||
| 260 |
_aKarachi : _bAuksfarḍ Yunivarsiṭī Pres, _c2008. |
||
| 300 |
_a64 p. ; _c18 cm. |
||
| 490 | 0 | _aUrdu virs̲ah | |
| 500 | _aPoems. | ||
| 501 | _aP.B | ||
| 546 | _aIn Urdu. | ||
| 700 | 1 |
_aFarruk̲h̲ī, Āṣif, _d1959- _96479 |
|
| 906 |
_a7 _bcbc _corigode _d4 _encip _f20 _gy-gencatlg |
||
| 942 |
_2ddc _cBK _kIESE |
||